00472nam a2200193 a 4500001001300000003000900013005001700022008004100039020001000080082001600090100001600106245004100122260002300163300000800186500003500194505001300229650002000242700001600262nice12345678IN_TiNIC20260116012616.0050524s1962 lona grp 000 0 eng  ac10000a246.7bTUR` aTurner, P W aThis Is the Word and Word Made Flesh aLondonbSpckc1962 a63p aincludes index and biblioraphy2 aappendix aChristian-Drama1 aTurner, P W